[Event "Montebelluna Elite 2020"]
[Site "Montebelluna"]
[Date "2020.01.03"]
[Round "4.1"]
[White "Martinez Alcantara, Jose Eduardo"]
[Black "Erigaisi Arjun"]
[Result "1-0"]
[WhiteElo "2606"]
[BlackElo "2575"]
[Annotator "TA"]
[PlyCount "67"]
[EventDate "2020.01.02"]
[EventType "swiss"]
[EventCountry "ITA"]
[SourceTitle "playchess.com"]
[Source "ChessBase"]
[SourceQuality "1"]

{[%evp 16,67,27,27,64,59,98,93,109,89,102,100,132,129,121,118,148,134,135,128,125,123,180,189,186,187,169,134,140,98,104,114,99,106,112,111,100,97,97,110,108,107,205,202,196,205,241,199,316,301,300,294,319,337]} 1. Nf3 d5 2. g3 Nf6 3. Bg2 c6 4. c4 Bf5 5. Qb3 Qb6 6. cxd5 cxd5 7. Nc3 e6 8. Qxb6 axb6 9. d3 h6 {A11: English Opening: 1...c6} (9... Nc6 10. O-O Bc5 11. Bg5 O-O 12. a3 h6 13. Bxf6 gxf6 14. Rac1 Bg4 15. e3 Ne5 16. Nxe5 fxe5 17. Rc2 Bf5 18. Rd1 Rfc8 19. e4 dxe4 20. Nxe4 Bxe4 21. Bxe4 {1-0 (63) Kokarev,D (2603)-Makarian,R (2343) Voronezh 2018}) 10. Nb5 Na6 11. O-O Bc5 {White is better.} 12. a3 O-O 13. Bf4 Rfd8 14. b4 $146 ({Predecessor:} 14. Rfc1 Rac8 15. b4 Be7 16. Be3 Nd7 17. Nfd4 {1-0 (31) Piven,I (2385)-Schieder,J (1985) Werfen 1996}) 14... Be7 15. Rac1 Rac8 16. Ne5 Nb8 17. Na7 Rxc1 18. Rxc1 g5 (18... Bd6 $16) 19. Be3 $18 d4 20. Bd2 Nd5 21. Nb5 f6 22. Nc4 Nc6 23. Bxd5 Rxd5 24. a4 Rd8 25. Nxb6 e5 26. Nc7 {Hoping for b5.} Nxb4 27. Bxb4 Bxb4 28. Ncd5 Bd6 (28... Rd6 $16) 29. Nxf6+ Kf7 {[#]} 30. Ne4 $1 Ke6 31. Rb1 Bc7 (31... Bxe4 $142 32. dxe4 g4) 32. Nc5+ {White has a decisive advantage.} Ke7 33. a5 ({But not} 33. Nxb7 $6 Bxb6 34. Rxb6 Rc8 $18) 33... Rb8 {[#]} 34. Nxb7 $1 {[%mdl 512] Accuracy: White = 93%, Black = 43%.} 1-0

[Event "Montebelluna Elite 2020"]
[Site "Montebelluna"]
[Date "2020.01.03"]
[Round "4.2"]
[White "Gaehwiler, Gabriel"]
[Black "Ter-Sahakyan, Samvel"]
[Result "1/2-1/2"]
[WhiteElo "2394"]
[BlackElo "2617"]
[Annotator "TA"]
[PlyCount "48"]
[EventDate "2020.01.02"]
[EventType "swiss"]
[EventCountry "ITA"]
[SourceTitle "playchess.com"]
[Source "ChessBase"]
[SourceQuality "1"]

{[%evp 13,48,3,6,8,31,24,20,7,15,16,7,10,1,5,4,-8,31,39,46,33,39,31,39,38,38,34,34,33,38,29,31,24,32,25,48,48,125]} 1. d4 Nf6 2. c4 e6 3. Nf3 d5 4. g3 Bb4+ 5. Bd2 Be7 6. Bg2 O-O 7. O-O Nbd7 8. Qc2 {E11: Bogo-Indian} Ne4 (8... c6 9. Rc1 a5 10. a3 h6 11. e3 Re8 12. b3 a4 13. b4 Ne4 14. c5 Bf6 15. Nc3 e5 16. Nxe4 dxe4 17. Nxe5 Nxe5 18. dxe5 Bxe5 {½-½ (70) Ding,L (2811)-Alekseenko,K (2671) Khanty-Mansiysk 2019}) 9. Bc1 c6 10. b3 {[%cal Bb2b3,Bb3c4,Bc4c5][%mdl 32] The position is equal.} b5 11. Nbd2 Nxd2 12. Nxd2 bxc4 13. bxc4 Ba6 14. Rd1 {[#]} Nb6 $146 {[%cal Rb6c4]} ({Predecessor:} 14... Bf6 15. Bb2 Rb8 {½-½ (57) Cheng,B (2510)-Kuybokarov,T (2513) Melbourne 2018}) 15. c5 Nc4 16. e4 Qd7 17. h4 Bd8 18. Nxc4 Bxc4 19. Bf4 Bc7 {With the idea ...Bxf4.} 20. e5 Rfb8 21. Rab1 Qc8 22. Bf1 Qa6 23. Bxc4 dxc4 24. Bd2 Rd8 {Accuracy: White = 61%, Black = 43%.} (24... Rxb1 $14 25. Rxb1 Rd8) 1/2-1/2

[Event "Montebelluna Elite 2020"]
[Site "Montebelluna"]
[Date "2020.01.03"]
[Round "4.3"]
[White "Sonis, Francesco"]
[Black "Barseghyan, Harutyun"]
[Result "1-0"]
[WhiteElo "2458"]
[BlackElo "2459"]
[Annotator "TA"]
[PlyCount "85"]
[EventDate "2020.01.02"]
[EventType "swiss"]
[EventCountry "ITA"]
[SourceTitle "playchess.com"]
[Source "ChessBase"]
[SourceQuality "1"]

{[%evp 13,113,1,17,13,13,13,13,13,13,13,16,13,12,6,7,0,7,1,23,20,23,15,22,0,10,14,31,0,0,0,69,56,111,113,106,112,245,244,231,229,243,241,360,363,379,375,394,299,280,276,337,277,287,281,317,317,314,305,326,304,356,354,345,292,627,567,644,611,716,700,729,715,813,796,896,897,813,857,855,849,828,828,833,842,830,819,1052,987,1827,1558,1616,1524,2099,1963,1902,1854,6149,6125,5818,3518,5727,2729]} 1. c4 Nf6 2. Nc3 e6 3. e4 d5 4. e5 d4 5. exf6 dxc3 6. bxc3 Qxf6 7. d4 b6 8. Be2 {A18: English Opening: Flohr-Mikenas System (1 c4 Nf6 2 Nc3 e6 3 e4)} (8. h4 Bb7 9. Bg5 Qf5 10. Bd3 Qa5 11. Kf1 Nc6 12. Rb1 f6 13. Bd2 O-O-O 14. a4 e5 15. c5 Bxc5 16. Rb5 Qa6 17. Rh3 Bxd4 18. Be2 Rd6 19. Rb1 Qa5 20. Rb5 Qa6 21. Rb1 Qa5 22. Rb5 {½-½ (22) Aronian,L (2794)-Ding,L (2769) Berlin 2018}) 8... Bb7 9. Bf3 Bxf3 10. Nxf3 {The position is equal.} Bd6 11. Qa4+ c6 12. O-O O-O 13. Re1 Rc8 14. Ng5 Qf5 15. Ne4 Bf8 16. Ba3 $146 c5 17. Rad1 {[%cal Ba1d1,Bd1d3,Bd3f3][%mdl 32]} Nc6 18. h3 Rc7 19. d5 Na5 20. d6 Rc6 21. Rd3 $36 {[%mdl 2048] White is pushing.} Rd8 (21... Kh8 $11) 22. Rf3 $1 $14 {[%cal Rf3f5]} Qh5 (22... Qe5 $1 $14 23. Bc1 (23. Nf6+ Qxf6 24. Rxf6 gxf6 $11) 23... Bxd6) 23. Rg3 $16 {Threatens to win with Nf6+.} Qe5 {[#] aiming for ...f5.} 24. Bc1 $1 {[%cal Rc1g5]} f6 {[#]} (24... Kh8 $16) 25. Nxf6+ $1 $18 {[%mdl 576] Remove Defender} Qxf6 26. Bg5 {[%mdl 64] Skewer} Qf7 27. Bxd8 Bxd6 (27... Rxd6 $142 28. Bh4 e5) 28. Rf3 Qe8 29. Bh4 Rc8 30. Qxe8+ Rxe8 31. Rd3 Nb7 32. Re4 Kf7 33. Kf1 h6 34. f4 Rc8 35. g4 g6 36. Ke2 Rc6 37. Kf3 Na5 38. Bg3 Be7 $2 (38... Nb7 39. Bh4 Na5) 39. Rd7 {White is clearly winning.} Rd6 40. Rxa7 Kf8 41. Ke2 Nc6 42. Rc7 Bd8 43. Rb7 {Played: Rc7-c8} 1-0

[Event "Montebelluna Elite 2020"]
[Site "Montebelluna"]
[Date "2020.01.03"]
[Round "4.5"]
[White "Delchev, Aleksander"]
[Black "Ozenir, Ekin Baris"]
[Result "1/2-1/2"]
[WhiteElo "2550"]
[BlackElo "2285"]
[Annotator "TA"]
[PlyCount "72"]
[EventDate "2020.01.02"]
[EventType "swiss"]
[EventCountry "ITA"]
[SourceTitle "playchess.com"]
[Source "ChessBase"]
[SourceQuality "1"]

{[%evp 17,72,33,45,43,42,26,49,59,62,58,64,60,84,84,137,141,135,105,197,204,206,203,191,149,166,158,177,164,162,89,170,178,172,172,172,60,56,55,102,86,83,71,89,86,78,78,85,18,64,72,65,64,79,14,11,0,65]} 1. c4 e5 2. Nc3 Nc6 3. Nf3 g6 4. d4 exd4 5. Nxd4 Bg7 6. Nxc6 bxc6 7. g3 Nf6 8. Bg2 O-O 9. O-O Rb8 10. Qa4 {A29: English Opening: Four Knights Variation with 4 g3} a6 11. c5 (11. Rd1 Qe7 12. Qc2 Bb7 13. b3 Rfe8 14. Bb2 c5 15. Bxb7 Rxb7 16. e3 d6 17. Nd5 Nxd5 18. Rxd5 {1-0 (67) Ganguly,S (2650)-Sethuraman,S (2646) Riadh 2017}) 11... Nd5 12. Nxd5 {White is slightly better.} cxd5 13. Bxd5 Qe7 14. Qc4 Rb5 15. Be3 $1 d6 $146 (15... Bxb2 $142 16. Rab1 Bf6) ({Predecessor:} 15... Rxb2 16. Rab1 c6 17. Bf3 Qe6 18. Qxe6 fxe6 19. Rxb2 Bxb2 {1-0 (35) Georgiev,V (2515)-Cunningham,W Regensburg 1997}) 16. a4 $16 Rxb2 17. Rab1 a5 (17... Be6 $16 {keeps fighting.}) 18. cxd6 cxd6 19. Rxb2 Bxb2 20. Rb1 Bg7 21. h4 Be6 22. Rb5 Rc8 23. Qb3 (23. Qd3 $18) 23... Bxd5 (23... Bc3 $16 {was called for.}) 24. Qxd5 $18 Bc3 25. h5 Qe6 {[#]} 26. h6 ({White has to play} 26. Qd3 $1 $18) 26... Qxd5 $1 $14 27. Rxd5 {[%mdl 4096] Endgame KRB-KRB} Bb4 28. Rb5 Kf8 29. Rb7 Re8 30. Kf1 Re7 31. Rb6 f6 32. Bf4 (32. Bd4 $16) 32... Rd7 33. Rb8+ Kf7 34. Rh8 Ke6 {[#]} 35. Rg8 (35. Be3 $1 $16) 35... Kf7 $11 36. Rh8 ({White should try} 36. Ra8 $11) 36... Ke6 {Accuracy: White = 64%, Black = 54%.} 1/2-1/2

[Event "Montebelluna Elite 2020"]
[Site "Montebelluna"]
[Date "2020.01.03"]
[Round "4.6"]
[White "Can, Isik"]
[Black "Zanan, Evgeny"]
[Result "1/2-1/2"]
[WhiteElo "2374"]
[BlackElo "2503"]
[Annotator "RC"]
[PlyCount "41"]
[EventDate "2020.01.02"]
[EventType "swiss"]
[EventCountry "ITA"]
[SourceTitle "playchess.com"]
[Source "ChessBase"]
[SourceQuality "1"]
[TimeControl "5400+30"]

1. e4 {[%emt 0:01:46]} e5 {[%emt 0:18:49]} 2. Nf3 {[%emt 0:00:09]} Nc6 {[%emt 0:00:04]} 3. Bb5 {[%emt 0:00:04]} g6 {[%emt 0:00:04]} 4. d4 {[%emt 0:00:07]} exd4 {[%emt 0:00:03]} 5. Bg5 {[%emt 0:00:06]} Be7 {[%emt 0:00:03]} 6. Bxe7 {[%emt 0:00:07]} Qxe7 {[%emt 0:00:04]} 7. Bxc6 {[%emt 0:00:04]} dxc6 {[%emt 0:00:04]} 8. Qxd4 {[%emt 0:00:05]} Nf6 {[%emt 0:00:02]} 9. Nc3 {[%emt 0:00:10]} Bg4 {[%emt 0:00:09]} 10. Nd2 {[%emt 0:00:11]} c5 {[%emt 1:15:38]} 11. Qe3 {[%emt 0:00:17]} O-O-O {[%emt 0:00:22]} 12. h3 {[%emt 0:00:17]} Be6 {[%emt 0:00:10]} 13. O-O-O {[%emt 0:00:10]} Nd7 {[%emt 0:00:12]} 14. f4 {[%emt 0:17:32]} f6 {[%emt 1:16:18]} 15. Nf3 {[%emt 0:04:24]} Nb6 {[%emt 0:00:00]} 16. Rhe1 {[%emt 0:01:28]} Rhe8 {[%emt 0:00:00]} 17. g4 {[%emt 0:08:00]} Rxd1+ {[%emt 0:00:00]} 18. Rxd1 {[%emt 0:00:06]} Nc4 {[%emt 0:00:00]} 19. Qf2 {[%emt 0:03:52]} g5 {[%emt 0:00:00]} 20. b3 {[%emt 0:08:36]} Nb6 {[%emt 0:00:00]} 21. f5 {[%emt 0:00:49]} 1/2-1/2

[Event "Montebelluna Elite 2020"]
[Site "Montebelluna"]
[Date "2020.01.03"]
[Round "4.7"]
[White "Pang, Tao"]
[Black "Gokerkan, Cem Kaan"]
[Result "1/2-1/2"]
[WhiteElo "2367"]
[BlackElo "2458"]
[Annotator "TA"]
[PlyCount "166"]
[EventDate "2020.01.02"]
[EventType "swiss"]
[EventCountry "ITA"]
[SourceTitle "playchess.com"]
[Source "ChessBase"]
[SourceQuality "1"]

{[%evp 9,166,8,9,9,9,11,9,9,9,5,9,8,13,13,23,11,20,24,34,-18,21,-21,0,-26,0,0,0,6,52,25,30,25,44,22,37,10,25,24,18,0,0,0,5,4,13,7,24,25,26,27,41,17,43,37,39,35,45,38,37,35,54,60,83,83,83,83,83,83,83,83,83,81,102,83,79,82,74,82,126,127,158,124,153,150,166,154,172,165,175,170,168,168,168,163,170,165,231,231,288,190,168,80,82,82,75,18,18,18,37,21,24,22,75,54,83,83,83,75,75,75,75,75,75,63,83,83,106,106,165,166,485,72,72,0,82,82,82,82,82,75,75,75,75,75,75,75,75,75,75,75,75,41,39,18,18,14,14,14,14]} 1. b3 e5 2. Bb2 Nc6 3. e3 Nf6 4. Bb5 e4 5. d3 (5. Bxc6 dxc6 6. f3 Bd6 7. Nc3 Qe7 8. fxe4 Nxe4 9. Nf3 Nxc3 10. Bxc3 O-O 11. O-O Bg4 12. Qe2 {0-1 (55) Karjakin,S (2753)-Vidit,S (2702) Kolkata 2018}) 5... a6 6. Bxc6 $1 {A01: Nimzowitsch-Larsen Opening} dxc6 7. Nc3 Bf5 {[%cal Re4d3]} 8. f3 $146 {[%cal Rf3e4]} ({Predecessor:} 8. d4 Bd6 9. Nge2 Qe7 10. Qd2 O-O-O 11. O-O-O Bb4 12. f3 {0-1 (47) Munoz,M-Sousa,L Coria del Rio 1994}) 8... exd3 9. e4 {[#]} d2+ $1 {[%mdl 576] Decoy} 10. Qxd2 Qxd2+ 11. Kxd2 O-O-O+ 12. Ke1 Bd7 13. Nge2 h5 14. Bc1 ({White should try} 14. h4 $14) 14... Bc5 15. Nd1 {[%cal Bc3d1,Bd1b2,Bb2d3][%mdl 32]} Rde8 16. Be3 Bb4+ 17. Kf2 Nh7 18. Nb2 Bd6 19. Nd3 b6 20. h4 c5 21. Rae1 Nf8 22. Nef4 (22. Bf4 {looks sharper.} Be7 23. Be5 f6 24. Bg3 Be6 25. Nef4) 22... Ne6 23. Nxe6 Bxe6 24. Bf4 Be7 25. Be3 Kb7 26. Nf4 Bc8 27. Nd5 Bd8 28. Bg5 f6 29. Bc1 Be6 30. Bb2 c4 31. bxc4 c6 32. Ne3 Be7 33. Rd1 Rd8 34. Rd3 Bc5 {With the idea ...Bxc4.} 35. Rhd1 Rxd3 36. cxd3 Bxe3+ 37. Kxe3 $14 {[%mdl 4096] Endgame KRB-KRB} c5 38. a3 Kc6 39. Bc3 Rd8 40. Rd2 Rd7 41. Kf4 Rd8 42. g4 hxg4 43. fxg4 b5 44. cxb5+ axb5 45. h5 Ra8 46. Bb2 Bf7 {[#]} 47. h6 $1 {[%mdl 512]} gxh6 48. Rh2 Rh8 49. Kf5 Rh7 50. Bxf6 Bg8 51. d4 cxd4 52. Bxd4 Kd7 {[#]} (52... Rf7+ {was called for.} 53. Bf6 Bh7+ 54. Ke6 Ra7) 53. Bf6 $1 $18 Ke8 54. Kg6 Ra7 55. g5 (55. e5 $18 {is more deadly.}) 55... hxg5 56. Rh8 Kf8 57. e5 (57. Bc3 $16 Ra6+ 58. Kxg5) 57... Ra6 $11 58. Kf5 Kf7 59. Rh3 Ke8 60. Kxg5 Be6 (60... Kd7 $11) 61. Rh7 Ba2 62. Re7+ Kf8 63. Rb7 Ke8 64. Be7 Bd5 65. Rc7 Rc6 66. Ra7 Rc1 67. Bb4 Rg1+ 68. Kf4 Rf1+ (68... Rg6 $16 69. Kf5 Rh6) 69. Ke3 $18 {Hoping for e6!} Bc4 $2 {[#]} (69... Rf7 70. Ra6 Rh7) 70. Kd4 $2 (70. e6 $1 $18 {[%mdl 512] is the precise move to win.} Bxe6 71. Re7+ {[%mdl 64] Double Attack} Kd8 72. Rxe6) 70... Rd1+ $16 71. Ke3 ({White should play} 71. Ke4 $16 {e6! is the strong threat.} Kd8 72. Kf4) 71... Rd7 (71... Rf1 $1 $11 {keeps the balance.}) 72. Ra8+ Kf7 73. Ra6 Rd1 74. Rf6+ Kg7 75. Rc6 {aiming for e6.} Rd3+ 76. Kf4 Kf7 77. Rf6+ Kg7 78. Rb6 {Threatens to win with Ke4.} Kf7 79. Ke4 {And now e6+! would win.} Rd1 80. Rb7+ Kg6 {Strongly threatening ...Bd5+.} 81. Rc7 Bd5+ {The position is equal.} 82. Ke3 Kf5 83. Bd6 Bc4 {Accuracy: White = 61%, Black = 52%.} 1/2-1/2

[Event "Montebelluna Elite 2020"]
[Site "Montebelluna"]
[Date "2020.01.03"]
[Round "4.8"]
[White "O`Gorman, Tom"]
[Black "Rahul Srivatshav P"]
[Result "1/2-1/2"]
[WhiteElo "2245"]
[BlackElo "2444"]
[Annotator "RC"]
[PlyCount "65"]
[EventDate "2020.01.02"]
[EventType "swiss"]
[EventCountry "ITA"]
[SourceTitle "playchess.com"]
[Source "ChessBase"]
[SourceQuality "1"]
[TimeControl "5400+30"]

1. d4 {[%emt 0:00:00]} Nf6 {[%emt 0:01:45]} 2. Nf3 {[%emt 0:00:00]} g6 {[%emt 0:00:36]} 3. Nbd2 {[%emt 0:00:00]} Bg7 {[%emt 0:01:25]} 4. e4 {[%emt 0:00:00]} d6 {[%emt 0:00:03]} 5. Bb5+ {[%emt 0:00:00]} c6 {[%emt 0:00:45]} 6. Bd3 {[%emt 0:00:01]} O-O {[%emt 0:00:03]} 7. O-O {[%emt 0:00:04]} Nbd7 {[%emt 0:00:04]} 8. c3 {[%emt 0:00:13]} e5 {[%emt 0:00:34]} 9. Re1 {[%emt 0:00:46]} Qe7 {[%emt 0:02:24]} 10. b3 {[%emt 0:01:20]} b6 {[%emt 0:03:54]} 11. a4 {[%emt 0:01:46]} a6 {[%emt 1:23:57]} 12. Nc4 {[%emt 0:02:00]} Bb7 {[%emt 0:01:26]} 13. Ba3 {[%emt 0:02:51]} c5 {[%emt 0:01:37]} 14. Qc2 {[%emt 1:27:59]} exd4 {[%emt 0:04:00]} 15. cxd4 {[%emt 0:00:31]} Rfe8 {[%emt 0:00:34]} 16. d5 {[%emt 0:06:20]} Ng4 {[%emt 1:14:09]} 17. Bb2 {[%emt 0:03:32]} b5 {[%emt 0:16:39]} 18. Na5 {[%emt 0:02:26]} Nde5 {[%emt 0:10:48]} 19. Nxe5 {[%emt 0:01:15]} Nxe5 {[%emt 0:02:36]} 20. Bf1 {[%emt 0:01:55]} f5 {[%emt 0:04:36]} 21. axb5 {[%emt 0:15:38]} fxe4 {[%emt 0:00:54]} 22. Qxe4 {[%emt 0:00:51]} axb5 {[%emt 0:09:53]} 23. f4 {[%emt 0:21:51]} Ng4 {[%emt 0:26:57]} 24. Qxe7 {[%emt 0:00:22]} Rxe7 {[%emt 0:00:11]} 25. Bxg7 {[%emt 0:00:44]} Rxe1 {[%emt 0:00:31]} 26. Rxe1 {[%emt 0:00:18]} Bxd5 {[%emt 0:27:11]} 27. Bc3 {[%emt 0:37:25]} b4 {[%emt 0:04:23]} 28. Bxb4 {[%emt 0:00:08]} cxb4 {[%emt 0:00:09]} 29. Nc4 {[%emt 0:00:04]} Ra2 {[%emt 0:02:09]} 30. Nxd6 {[%emt 0:03:03]} Bxb3 {[%emt 0:00:55]} 31. h3 {[%emt 0:00:20]} Nf6 {[%emt 0:22:01]} 32. Rb1 {[%emt 0:00:12]} Bd5 {[%emt 0:00:14]} 33. Rxb4 {[%emt 0:00:27]} 1/2-1/2

[Event "Montebelluna Elite 2020"]
[Site "Montebelluna"]
[Date "2020.01.03"]
[Round "4.9"]
[White "Harshini A"]
[Black "Demidov, Mikhail"]
[Result "1/2-1/2"]
[WhiteElo "2166"]
[BlackElo "2552"]
[Annotator "TA"]
[PlyCount "91"]
[EventDate "2020.01.02"]
[EventType "swiss"]
[EventCountry "ITA"]
[SourceTitle "playchess.com"]
[Source "ChessBase"]
[SourceQuality "1"]

{[%evp 9,91,19,58,64,70,19,23,23,22,24,36,28,47,22,47,12,32,-31,-35,-21,-22,-31,-15,-11,3,0,44,36,36,35,43,25,34,38,27,35,43,33,32,39,31,45,31,36,45,43,36,38,43,43,54,4,4,6,6,3,5,4,9,0,14,10,18,0,0,0,0,-8,0,0,0,0,0,0,18,25,16,16,31,0,42,0,37,0]} 1. e4 c5 2. Nf3 Nc6 3. d4 cxd4 4. Nxd4 Nf6 5. Nc3 Qa5 (5... e5 6. Ndb5 d6 7. Bg5 a6 8. Na3 b5 9. Nd5 Be7 10. Bxf6 Bxf6 11. c3 Ne7 12. Nxf6+ gxf6 13. Bd3 d5 14. Qe2 Bb7 15. O-O-O Qb6 16. Nc2 O-O-O 17. exd5 Bxd5 18. Nb4 Be6 19. Qf3 a5 20. Qa8+ Kc7 21. Na6+ {1-0 (54) Dominguez Perez,L (2763)-Carlsen,M (2882) Saint Louis 2019}) 6. Nb3 {B33: Sicilian: Pelikan and Sveshnikov Variations} Qc7 7. Be2 (7. Bg5 $14) 7... e6 $11 8. O-O {White has an edge.} a6 9. f4 d6 10. a4 b6 11. Bf3 Bb7 12. Qe1 $146 ({Predecessor:} 12. Be3 Be7 13. g4 O-O 14. g5 {0-1 (33) Shtyrenkov,V (2457)-Livshits,G (2380) Alushta 2002}) 12... Be7 13. e5 (13. Be3 $14) 13... dxe5 $15 14. fxe5 Nd7 15. Bf4 O-O-O 16. a5 {next axb6 is good for White.} b5 $1 17. Bg3 $36 {[%mdl 2048] White has some pressure.} Ndxe5 {[#]} (17... g5 {with more complications.} 18. Bh5 Nc5 19. Rc1 Rhf8 20. Bf3 Nxa5 21. Nxb5 axb5 22. Nxa5 Bxf3 23. Rxf3 g4) 18. Nxb5 $1 {[%mdl 512]} axb5 19. a6 Ba8 20. Bxe5 $1 Qxe5 21. Qxe5 Nxe5 22. Bxa8 {[#] Hoping for Be4.} Kb8 23. Be4 Ka7 24. Ra5 Rb8 25. Bb7 $1 Nc4 26. Rxb5 {aiming for Nd4.} Nd6 27. Ra5 {Black must now prevent Ra4.} Bd8 28. Ra4 Bb6+ 29. Kh1 {Strongly threatening c4.} f5 30. Na5 Bxa5 $1 31. Rxa5 Nxb7 32. axb7+ Kxb7 $11 {[%mdl 4096] Endgame KRR-KRR} 33. Re1 Rhe8 34. h3 Rbc8 35. c3 g6 36. Ree5 Kc6 37. Ra6+ Kd7 38. Ra7+ Kd6 39. Rea5 Rb8 40. Rxh7 Rxb2 41. Rg7 Rb3 42. Rxg6 Ke7 $1 43. Ra7+ Kd6 44. Ra5 Ke7 $1 45. Ra7+ Kd6 46. Ra5 {Accuracy: White = 42%, Black = 79%.} 1/2-1/2

[Event "Montebelluna Elite 2020"]
[Site "Montebelluna"]
[Date "2020.01.03"]
[Round "4.10"]
[White "Radovanovic, Mihajlo"]
[Black "Peng, Hongchi"]
[Result "1-0"]
[WhiteElo "2485"]
[BlackElo "2362"]
[Annotator "TA"]
[PlyCount "80"]
[EventDate "2020.01.02"]
[EventType "swiss"]
[EventCountry "ITA"]
[SourceTitle "playchess.com"]
[Source "ChessBase"]
[SourceQuality "1"]

{[%evp 10,80,25,2,42,0,32,0,79,64,75,51,79,70,81,80,76,66,95,62,82,62,72,85,89,89,102,89,104,104,94,100,116,118,124,91,144,103,106,125,119,113,101,86,81,83,158,106,139,92,103,84,101,74,69,65,80,0,0,0,0,0,0,0,0,-16,0,-25,0,0,1198,-99,-83]} 1. Nf3 d5 2. g3 c6 3. Bg2 Nf6 4. O-O Bf5 5. d3 e6 6. Nh4 Bg6 {A07: Réti Opening: New York and Capablanca Systems} 7. Qe1 Be7 8. e4 Nfd7 $146 (8... Bh5 $11) ({Predecessor:} 8... O-O 9. e5 Nfd7 10. Nxg6 hxg6 11. Nd2 c5 12. f4 Nc6 13. c3 b5 14. Nf3 {1-0 (43) Dubov,D (2614)-Yu,Y (2675) Dubai 2014}) 9. Nxg6 $16 hxg6 10. Qe2 Na6 11. Nd2 {[%cal Bb1d2,Bd2c4,Bc4e5][%mdl 32]} Qc7 12. d4 O-O 13. c3 dxe4 14. Bxe4 Nf6 15. Bd3 Nb8 16. Nc4 Nbd7 17. Bf4 Qd8 18. Rad1 Nd5 19. Bc1 Re8 20. Ne5 Nf8 21. Rfe1 Qc7 22. Qf3 f5 (22... Bf6 $142) 23. Bc4 b5 24. Bb3 Bd6 25. h4 Bxe5 26. dxe5 Nd7 {[%cal Bf8d7,Bd7b6,Bb6c4][%mdl 32]} 27. Qe2 Kf7 (27... a5 $142) 28. Bg5 ({White should play} 28. h5) 28... a6 29. Kg2 Rh8 30. Bc2 N7b6 31. Rh1 Nc4 32. Bd3 Ncb6 $1 33. h5 ({White should try} 33. Rhe1 $16) 33... gxh5 $11 34. Rxh5 {[#] Black must now prevent Bxf5!} g6 35. Rhh1 c5 36. Rde1 c4 37. Bc2 Nd7 $40 {[%mdl 128] Black has some attack.} 38. Qd2 Rag8 39. Bd1 Rh7 $2 {[%mdl 8192] [#]} (39... Nc5 $11) 40. Rh2 $2 (40. Rxh7+ $18 Rg7 41. Rxg7+ Kxg7 42. Bf3) 40... Rxh2+ {[%mdl 32768] Accuracy: White = 42%, Black = 58%. . Loss on time!?} 1-0

[Event "Montebelluna Elite 2020"]
[Site "Montebelluna"]
[Date "2020.01.04"]
[Round "5.1"]
[White "Sonis, Francesco"]
[Black "Martinez Alcantara, Jose Eduardo"]
[Result "0-1"]
[WhiteElo "2458"]
[BlackElo "2606"]
[Annotator "TA"]
[PlyCount "134"]
[EventDate "2020.01.02"]
[EventType "swiss"]
[EventCountry "ITA"]
[SourceTitle "playchess.com"]
[Source "ChessBase"]
[SourceQuality "1"]

{[%evp 9,134,29,39,0,28,0,36,41,38,16,14,15,31,0,12,-2,53,-16,-24,-24,-28,-35,-11,-17,-14,-45,-25,-58,-49,-63,0,-130,-40,-89,-78,-70,-44,-35,-29,-50,-28,-69,-23,-35,-35,-48,-25,-26,-43,-51,-45,-58,-62,-59,-42,-49,-33,-30,-28,-37,-29,-38,0,0,16,-43,-39,-45,-45,-46,0,0,0,-52,0,0,0,0,0,0,0,0,28,0,0,-9,0,0,7,2,8,8,8,6,2,0,0,0,0,0,0,0,0,-611,-615,-613,-604,-605,-580,-737,-720,-772,-758,-754,-740,-1790,-1453,-29973,-29975,-29977,-29978,-29977,-29978,-29978,-29979,-29979,-29975]} 1. d4 Nf6 2. c4 e6 3. Nf3 Bb4+ 4. Bd2 c5 5. e3 b6 6. Bd3 {E11: Bogo-Indian} Bb7 7. O-O O-O 8. Bxb4 {White is slightly better.} cxb4 9. a3 (9. Nbd2 h6 10. Qa4 a5 11. a3 Na6 12. Rac1 d6 13. Bb1 Rc8 14. Rfd1 Qe7 {½-½ (47) Sarana,A (2625)-Grigoriants,S (2543) Skopje 2019}) 9... bxa3 10. Rxa3 a5 $146 ({Predecessor:} 10... Nc6 11. Nbd2 d6 12. Nh4 d5 13. cxd5 Nxd5 14. Qh5 Nf6 {0-1 (36) Nadir,S (2133)-Dizdar,G (2513) Dubai 2014}) 11. Ne1 Nc6 12. Nc2 Rc8 (12... d5 $11) 13. Nd2 (13. e4 $14) 13... d5 $11 14. cxd5 Nxd5 15. Qh5 {[%csl Gd3][%cal Rh5h7]} h6 16. Rd1 Qe7 17. Ne1 Rfd8 18. Nf1 Nf6 19. Qh4 Qb4 (19... Nb4 $15) 20. Bc2 (20. Nd2 $11) 20... Qb5 (20... Ba6 $17 21. Ng3 Qxb2) 21. Raa1 Nb4 22. Bb1 Qe2 23. Rd2 $1 {[%cal Rd2e2]} Qc4 ({And not} 23... Qxe1 24. Bh7+ $1 {[%mdl 512]} Kxh7 25. Rxe1 $16) 24. Bd3 Qb3 25. Be2 Ne4 (25... Nc2 $5 {[%cal Rc2a1]} 26. Rad1 Nxe1 27. Rxe1 Ne4 $15) 26. Bd1 Qd5 27. Bf3 Qg5 28. Qxg5 hxg5 29. Bxe4 Bxe4 30. f3 Bd5 31. Ra3 Rc1 32. Kf2 $1 f5 33. Ng3 $1 Rdc8 {...Nc2 is the strong threat.} 34. e4 fxe4 35. fxe4 Bc4 (35... Bb7 $5 {[%cal Rg5g4]}) 36. Ne2 Rb1 37. Rg3 (37. Nf3 $11) 37... Rf8+ $15 38. Rf3 Rxf3+ $1 39. gxf3 Kf7 40. Nc3 Rc1 41. d5 (41. Na4 $11) 41... Ke7 ({Black should try} 41... b5 $15) 42. d6+ $11 Kd8 43. Na4 Bb3 44. Nxb6 Rc6 45. Na8 Kd7 46. Nc7 e5 47. Ke3 g6 48. Nb5 Rc1 $132 {[%mdl 2048] Black is not keeping still} 49. Kf2 a4 50. Nc3 Ra1 51. Ng2 Rh1 52. Kg3 Nc2 53. Nd1 {Threatening Nf2.} Nd4 54. Nge3 Rg1+ 55. Kf2 Rh1 56. Kg2 $2 {[%mdl 8192] [#]} (56. Kg3 $11) 56... Rxh2+ $1 $19 {[%mdl 576] Deflection, Decoy} 57. Kxh2 Nxf3+ {[%mdl 64] Double Attack} 58. Kg3 Nxd2 {[%mdl 4096] Endgame KBN-KNN} 59. Nc3 Kxd6 60. Kf2 Kc5 61. Ke2 Nc4 62. Nxc4 Bxc4+ {KB-KN} 63. Ke3 Kb4 {Black mates.} 64. Nb1 Kb3 65. Nd2+ Kxb2 66. Nxc4+ {[#]} Kc3 $1 67. Na3 Kb3 {Accuracy: White = 39%, Black = 50%.} 0-1